Political systems of highland Burma : a study of Kachin social structure
Αποθηκεύτηκε σε:
| Κύριος συγγραφέας: | |
|---|---|
| Μορφή: | Βιβλίο |
| Γλώσσα: | English |
| Δημοσίευση: |
London :
Athlone ,
1986
|
| Σειρά: | London School of Economics monographs on social anthropology
|
| Θέματα: | |
| Ετικέτες: |
Προσθήκη ετικέτας
Δεν υπάρχουν, Καταχωρήστε ετικέτα πρώτοι!
|
MARC
| LEADER | 00000cam a2200000 i 4500 | ||
|---|---|---|---|
| 001 | 1/77408 | ||
| 008 | 960520t19861977 eng d | ||
| 020 | |a 0-485-19644-1 | ||
| 035 | |l 10004275 | ||
| 040 | |a GR-MY-UA |b gre |e aacr | ||
| 041 | 0 | |a eng | |
| 082 | 0 | |a 305.895 | |
| 100 | 1 | |a Leach, Edmund Ronald. | |
| 245 | 1 | 0 | |a Political systems of highland Burma : |b a study of Kachin social structure / |c E. R. Leach |
| 260 | |a London : |b Athlone , |c 1986 | ||
| 300 | |a xx, 324 σ.; |b εικ., χάρτ.; |c 22 εκ. | ||
| 490 | 1 | |a London School of Economics monographs in social anthropology |v ; 44 | |
| 504 | |a Περιέχει βιβλιογραφία (σ. 313-318) και ευρετήριο | ||
| 650 | 0 | 0 | |a Kachin (Asian people) |x Politics and government. |
| 650 | 0 | 0 | |a Kachin (Asian people) |x Social life and customs. |
| 650 | 0 | 0 | |a Ahoms (Indic people) |x Social life and customs. |
| 650 | 0 | 0 | |a Social structure |z Burma |x Case studies. |
| 830 | 0 | |a London School of Economics monographs on social anthropology | |
| 852 | |a INST |b LESVOS |e 19960520 |h 305.895 LEA |p 005100010176 |q 005100010176 |t BK |y 0 | ||
| 852 | |a INST |b LESVOS |e 20060703 |h 305.895 LEA |p 005100036182 |q 005100036182 |t BK |y 0 | ||
| 901 | |a BIBL1-2006-2 | ||
| 909 | |a Λ |b 005314 | ||
| 909 | |a Λ |b 128843 | ||